Football at the Olympic Games Host Cities 1896-2028 - Statistics

General Stats
  • This quiz has been taken 43 times
  • The average score is 59 of 116
Answer Stats
Edition City % Correct
1996 USA | 2004 Greece Athens
100%
1908 UK | 1948 UK | 2012 UK London
95%
1956 Australia | 2000 Australia Melbourne
95%
1900 France | 1924 France | 2024 France Paris
95%
1936 Germany Berlin
92%
1952 Finland Helsinki
92%
1928 Netherlands Amsterdam
90%
2028 USA Los Angeles
90%
1968 Mexico Mexico City
90%
1960 Italy Rome
90%
1912 Sweden Stockholm
90%
2000 Australia Sydney
90%
1964 Japan | 2020 (2021) Japan Tokyo
90%
1920 Belgium Antwerp
87%
1980 Soviet Union Moscow
87%
2008 China Beijing
85%
1920 Belgium Brussels
85%
1972 West Germany Munich
85%
1988 South Korea Seoul
85%
1992 Spain Barcelona
82%
1996 USA Birmingham
82%
2012 UK Manchester
82%
1976 Canada Montreal
82%
2016 Brazil Rio de Janeiro
82%
2000 Australia Canberra
79%
1960 Italy Naples
79%
1964 Japan Osaka
79%
1904 USA St Louis
77%
1976 Canada Toronto
77%
1976 Canada Ottawa
74%
2016 Brazil Sao Paulo
74%
2024 France Lyon
72%
2008 China Shanghai
72%
2016 Brazil Brasilia
69%
2000 Australia Brisbane
69%
2024 France Marseille
69%
1988 South Korea Busan
67%
2004 Greece Thessaloniki
67%
1992 Spain Valencia
67%
1968 Mexico Guadalajara
64%
2028 USA San Diego
62%
2000 Australia Adelaide
59%
1960 Italy Florence
59%
2012 UK Glasgow
59%
2020 (2021) Japan Sapporo
59%
2016 Brazil Belo Horizonte
56%
2012 UK Cardiff
56%
2020 (2021) Japan Yokohama
56%
2024 France Bordeaux
54%
2024 France Nantes
54%
2012 UK Newcastle
54%
2024 France Nice
54%
1996 USA Miami
51%
1988 South Korea Daegu
49%
1920 Belgium Ghent
49%
1964 Japan Kyoto
49%
2016 Brazil Salvador
49%
1952 Finland Tampere
46%
2016 Brazil Manaus
44%
1972 West Germany Nuremberg
44%
2028 USA San Jose
44%
1952 Finland Turku
44%
1996 USA Washington D.C.
41%
2008 China Tianjin
38%
1992 Spain Zaragoza
38%
1980 Soviet Union Kiev
36%
2024 France Saint Etienne
36%
1980 Soviet Union Leningrad
33%
1968 Mexico Leon
33%
1972 West Germany Augsburg
31%
1984 USA Boston
31%
1948 UK Brighton
31%
1984 USA | 2028 USA Pasadena
31%
1968 Mexico Puebla
31%
1996 USA Orlando
28%
1980 Soviet Union Minsk
26%
1896 Greece | 2004 Greece Piraeus
26%
2004 Greece Heraklion
23%
1952 Finland Lahti
23%
1988 South Korea Gwangju
18%
1964 Japan | 2020 (2021) Japan Saitama
18%
2028 USA Santa Clara
18%
1988 South Korea Daejeon
15%
2004 Greece Patras
15%
2004 Greece Volos
13%
2012 UK Coventry
10%
2008 China Shenyang
10%
1972 West Germany Ingolstadt
8%
1960 Italy Livorno
8%
1948 UK Portsmouth
8%
1972 West Germany Regensburg
8%
2028 USA Berkeley
5%
1952 Finland Kotka
5%
1960 Italy L'Aquila
5%
1972 West Germany Passau
5%
1960 Italy Pescara
5%
1984 USA | 2028 USA Stanford
5%
1984 USA Annapolis
3%
1960 Italy Grosseto
3%
2020 (2021) Japan Kashima
3%
2008 China Qinhuangdao
3%
2020 (2021) Japan Rifu
3%
1992 Spain Sabadell
3%
1976 Canada Sherbrooke
3%
1964 Japan Kanagawa
0%
No matching quizzes found
Score Distribution
Percent of People with Each Score
Percentile by Number Answered
Your Score History
You have not taken this quiz